Normal view
MARC view
- Patil, S B
Entry Personal Name
001 - CONTROL NUMBER
- control field: 7671
003 - CONTROL NUMBER IDENTIFIER
- control field: OSt
005 - DATE AND TIME OF LATEST TRANSACTION
- control field: 20250802151459.0
008 - FIXED-LENGTH DATA ELEMENTS
- fixed length control field: 250802|| aca||aabn | a|a d
040 ## - CATALOGING SOURCE
- Original cataloging agency: OSt
- Transcribing agency: OSt
100 ## - HEADING--PERSONAL NAME
- Personal name: Patil, S B
670 ## - SOURCE DATA FOUND
- Source citation: Work cat.: (OSt)9868: Singh, K K ., Action research and development in biomass classification: Proceeding of 3rd national meet/PICCOP 28-29 November 1991 / , 1993.
